[Event "FRA-ch U14 Girls"]
[Site "Agen"]
[Date "2022.04.19"]
[Round "4"]
[White "Harle, Soanne"]
[Black "Lorho, Jade"]
[Result "0-1"]
[WhiteElo "1255"]
[BlackElo "1441"]
[PlyCount "66"]
[EventDate "2022.04.16"]
[EventType "swiss"]
[EventRounds "9"]
[EventCountry "FRA"]
[SourceTitle "EXT 2023"]
[Source "ChessBase"]
[SourceDate "2022.10.05"]
[SourceVersion "1"]
[SourceVersionDate "2022.10.05"]
[SourceQuality "1"]

1. e4 e5 2. Nf3 Nc6 3. Bc4 Bc5 4. c3 Nf6 5. d3 d6 6. 0-0 Bg4 7. Nbd2 0-0 8. Re1 Re8 9. Nf1 Be6 10. b4 Bb6 11. N3d2 a5 12. b5 Ne7 13. Ng3 Ng6 14. Nf5 d5 15. Bb3 Qd7 16. Ng3 c6 17. bxc6 bxc6 18. Nf3 Qa7 19. Re2 Ng4 20. d4 a4 21. Bc2 exd4 22. Nxd4 N4e5 23. Kh1 Bd7 24. Be3 Nc4 25. Bc1 c5 26. Nf3 d4 27. cxd4 cxd4 28. Bf4 Nxf4 29. Re1 Ng6 30. Qe2 Nce5 31. Nxe5 Nxe5 32. Rad1 Be6 33. f4 Bg4 0-1